| 000 | 02110cam a2200397 a 4500 | ||
|---|---|---|---|
| 999 |
_c2962 _d2962 |
||
| 001 | 26401180 | ||
| 003 | OCoLC | ||
| 005 | 20191003155157.0 | ||
| 008 | 920731s1992 txu b 001 0 eng | ||
| 010 | _a 92030721 | ||
| 020 | _a0849908663 | ||
| 020 | _a0881131946 | ||
| 020 | _a9780849908668 | ||
| 035 |
_a(OCoLC)26401180 _z(OCoLC)59960479 |
||
| 040 |
_aDLC _beng _cDLC _dBAKER _dBTCTA _dYDXCP _dCKL _dHNW _dIDA _dCFT _dMNJ _dOCLCF |
||
| 043 | _an-us--- | ||
| 050 | 0 | 0 |
_aBV601.8 _b.C64 1992 |
| 082 | 0 | 0 |
_a262.7 _220 _bC723E |
| 092 | 0 |
_a490 _bC723E |
|
| 100 | 1 | _aColson, Charles W. | |
| 245 | 1 | 4 |
_aThe body (El Cuerpo _cCharles Colson with Ellen Santilli Vaughn. |
| 260 |
_aDallas : _bWord Pub., _cc1992. |
||
| 300 |
_a455 p. ; _c24 cm. |
||
| 504 | _aIncludes bibliographical references (p. 417-447) and index. | ||
| 505 | 0 | _apt. 1. What is the church? -- The story of a church: Riverton -- Identity crisis -- Gimme that hot tub religion! -- The story of the church: Timisoara -- On this rock -- I will build my church -- The sin of presumption -- Extending the right fist of fellowship -- One Lord, one faith, one baptism -- The flaming word -- Communio sanctorum -- pt. 2. The church versus the world -- What is truth? -- I am the truth -- Lost in the cosmos -- The pillar of truth -- Between two crosses -- The church in captivity -- The terror of the holy -- Justice unleashed: a world transformed -- The body -- pt. 3. The church in the world -- Equipping the saints -- Let this mind be in you . . . -- Who are you? -- Being His witnesses -- Being the light -- Being the salt -- The fear of the Lord is the beginning -- Coram Deo -- Epilogue: The conclusion of the matter. | |
| 520 | _aJacket and spine subtitle: Being light in darkness. | ||
| 650 | 0 | _aMission of the church. | |
| 650 | 0 | _aChurch. | |
| 650 | 0 |
_aChristianity _y20th century. |
|
| 650 | 0 |
_aChristianity _zUnited States. |
|
| 650 | 0 | _aChristian life. | |
| 651 | 0 |
_aUnited States _xChurch history _y20th century. |
|
| 655 | 7 |
_aChurch history. _2fast _0(OCoLC)fst01411629 |
|
| 700 | 1 | _aVaughn, Ellen Santilli. | |
| 942 |
_2ddc _cREF |
||